000 00778nam a2200241 a 4500
005 20151117103426.0
008 140220b1979 -Us||||| |||| 00| 0 eng d
040 _aCO-BoIAVH
_cCO-BoIAVH
041 _aeng
090 _aLB
_b00460
100 _aBonner, Frank
_97917
111 _aSymposium proceedings flowering and seed development in trees
_cMississippi
_d1978
_942319
245 _aProceedings flowering and seed development in trees
_ba symposium
260 _aMississippi
_bSouthern Forest Experimment Station
_c1979
300 _a379 p.
650 _aFertilización
_92396
650 _aFloración
_92582
650 _aBiología de una especie
_97312
650 _aFenología
_942320
650 _aAutoecología
_942321
650 _aSemillas
_942322
942 _cINFORME
_2z
999 _c479
_d479